Aproximació a la governabilitat de les àrees metropolitanes europees / [realització]: Borakasi, Informació, Recerca i Consultoria ; Mireia Belil, Mercé Espinós Borakasi, Informació, Recerca i Consultoria ; Mireia Belil, Mercé Espinós
Descripción Física:
115 p. ; 30 cm
Colección:
Elements de debat territorial ; 14
MARC
| LEADER | 00000nam a2200000Ia 4500 | ||
|---|---|---|---|
| 001 | 13842 | ||
| 003 | BGR | ||
| 005 | 20260324175327.0 | ||
| 008 | 160829s2001 xx 000 0 cat d | ||
| 080 | |a M-4-51 | ||
| 245 | |a Aproximació a la governabilitat de les àrees metropolitanes europees / [realització]: |b Borakasi, Informació, Recerca i Consultoria ; Mireia Belil, Mercé Espinós | ||
| 260 | |a [Barcelona] : |b Diputació de Barcelona, Àrea de Cooperació, |c 2001 | ||
| 300 | |a 115 p. ; |c 30 cm | ||
| 490 | |a Elements de debat territorial ; 14 | ||
| 650 | |a Àrees metropolitanes |x Govern i administració |x Europa |9 27203 | ||
| 700 | |a Belil, Mireia |9 27205 | ||
| 700 | |a Espinós, Mercé |9 5298 | ||
| 710 | 1 | |a Barcelona (Catalunya : Província). |b Àrea de Cooperació |9 54368 | |
| 710 | 2 | |a Boraksai (Firma) |9 70685 | |
| 901 | |a Arxiu | ||
| 942 | |n 1 |2 udc |c MON | ||
| 952 | |0 0 |1 0 |4 0 |6 M451 |7 1 |9 44310 |a Arxiu |b Arxiu |d 2016-12-01 |l 0 |o M-4-51 |p 13842 |r 2016-12-01 00:00:00 |w 2016-12-01 |y ARXIU | ||
| 999 | |c 46890 |d 46890 | ||